BIBLIOTHÈQUE DE LA MAISON DU MEXIQUE

Logo 1 Logo 2

El intento de liberar a un pueblo (notice nᵒ 77)

détails MARC
000 -Sello discográfico
campo de control de longitud fija 01111nam a2200337 4500
005 - Identificación de versión
campo de control 20251016081919.0
010 ## - Número Estándar Internacional de Libros (ISBN)
Número (ISBN) 968-293-495-8
035 ## - Otros números de control del sistema
Número de control del sistema 18452
099 ## - fechas locales
Tipo de ítem Koha LIBRO
100 ## - Datos de procesamiento general
Datos de procesamiento general 19930801d1991 m y1spay5003 ba
105 ## - Campo de datos codificados: Material textual, monográfico
Datos codificados de monografía y 001zy
200 1# - Título y mención de responsabilidad
Título propio El intento de liberar a un pueblo
Designación general del material texto impreso
Otra información del título educación y magisterio tabasqueño con Garrido Canabal : 1924-1935
Primer mención de responsabilidad Marcela Tostado Gutiérrez
205 ## - Declaración de edición
Declaración de edición 1a ed
210 ## - Publicación, distribución, etc.
Lugar de publicación, distribución, etc. México
Nombre del editor, distribuidor, etc. Instituto Nacional de Antropología e Historia
Fecha de publicación, distribución, etc. 1991
215 ## - Descripción física
Designación de material específico y extensión del ítem 254 p
Dimensiones 20 cm
300 ## - Notas generales
Texto de la nota Incluye bibliografía
345 ## - Nota de información de adquisición
Fuente de adquisición/dirección de la suscripción [OBSOLETO] Donación
410 #1 - Series
Título Colección Divulgación
Nombre de parte o sección Serie Historia
600 ## - Nombre personal usado como materia
Elemento de entrada Garrido Canabal
Parte del nombre distinta del elemento de entrada Tomás
Fechas 1890-1943
Número Koha 289
606 ## - Término temático usado como materia
Elemento de entrada Educación
Subdivisión geográfica Tabasco (México)
Número Koha 290
607 ## - Nombre geográfico utilizado como tema
Elemento de entrada Tabasco (México)
Subdivisión temática Política educativa
Número Koha 291
660 ## - Código de área geográfica
Código MX
700 ## - Nombre personal - Responsabilidad primaria
Elemento de entrada Tostado Gutiérrez
Parte del nombre distinta del elemento de entrada Marcela
Número Koha 292
801 #0 - Fuente de origen
Agencia cm
900 ## -
-- 1/10392
900 ## -
-- 710936063\\010893
942 ## - ELEMENTOS DE ENTRADA SECUNDARIOS (KOHA)
Tipo de ítem Koha Livre
996 ## -
-- MEX
-- 751145101
-- MMAG
-- 003454
-- 370.97 T716I
-- 20191022LIV
Exemplaires
Estatus retirado Estado de daño Estado de pérdida Fecha de adquisición Biblioteca de origen Biblioteca actual Ubicación en estantería Código de barras Precio de reemplazo Signatura topográfica completa No para préstamo Tipo de ítem Koha Nota pública Nota no pública
      05/08/2025 Casa México Paris Casa México Paris   003454 05/08/2025 370.97 T716I   Livre 20191022LIV 751145101